A Book By Any Other Name Quiz Stats

 Plays Quiz Updated Jun 11, 2015

Challenge
Share
Tweet
Embed
Score 0/30 Timer 05:00
3 Plays Today
% Correct
To Kill A Mockingbird
96.7%
A Tale of Two Cities
96.6%
Great Expectations
96.4%
The Girl with the Dragon Tattoo
96.3%
Life of Pi
96.3%
The Cat in the Hat
96.3%
The Call of the Wild
96%
The Hunger Games
96%
The Lion, the Witch and the Wardrobe
96%
Catcher in the Rye
96%
Nightmare Abbey
95.9%
Northern Lights
95.9%
Valley of the Dolls
95.8%
War and Peace
95.8%
Three Men in a Boat
95.7%
% Correct
The Quiet American
95.7%
The Tin Drum
95.6%
Gone with the Wind
95.6%
Pride and Prejudice
95.5%
Little Women
95.4%
Tinker Tailor Soldier Spy
95.4%
The Eagle Has Landed
95.3%
Black Beauty
95.3%
Animal Farm
95%
The Lord Of The Rings
94.1%
Lord of the Flies
94%
The Wind in the Willows
94%
Vanity Fair
93.9%
The Black Sheep
92.9%
The Very Hungry Caterpillar
91.1%

You're not logged in!

Compare scores with friends on all Sporcle quizzes.
OR
Log In

You Might Also Like...

Show Comments

Extras

Top Quizzes Today


Score Distribution

Your Account Isn't Verified!

In order to create a playlist on Sporcle, you need to verify the email address you used during registration. Go to your Sporcle Settings to finish the process.

Report this User

Report this user for behavior that violates our Community Guidelines.

Details: